1819 1473 1118 1969 1106 1585 1313 1946 1362 1971 1344 1041 1001 1098 1263 1914 1060 1908 1697 1791 1237 1921 1911 1180 1107 1142 1624 1812 1482 1584 1629 1828 1886 1869 1612 1386 1035 1400 1173 1219 1730 1733 1545 1980 1454 1773 1061 1773 1337 1530 1300 1798 1224 1282 1778 1678 1864 1862 1955 1435 1405 1491 1809 1414 1905 1093 1861 1542 1089 1482 1326 1375 1571 1597 1077 1935 1240 1950 1691 1193 1307 1801 1179 1253 1166 1136 1897 1682 1748 1995 1311 1308 1356 1599 1621 1641 1080 1096 1784 BCNSPRNW ULIB Ver.6.0+V

เปลี่ยนเป็นภาษาไทย

Change to English
 แสดงรายละเอียดบรรณานุกรม
  กลับหน้าหลัก

Brief Record : Get Marc (ISO 2709) : E-mail record : QR code < ปิดหน้าต่าง
LEADER : 00000nam 2200000uu 4500
001    13399127167
003     ULIB
008    191018s2562||||th 000 0 tha d
020 ^- ^a9786167582962
050 ^- ^aนว.^bต278ร
100 ^- ^aติกาหลัง.
245 10 ^aรักสุดท้ายของซุป ตาร์ (เฒ่า) /^cติกาหลัง.
250 ^- ^aพิมพ์ครั้งที่ 1.
260 ^- ^aกรุงเทพฯ :^bแสนรัก,^c2562
300 ^- ^a272 หน้า.
945    ^p265^l0^i006353
999    ^aประนอม เกษจรัล
รายการนี้ยังไม่มีแท็ก
คุณยังไม่ได้ล็อกอิน คุณสามารถมีกิจกรรมร่วมกับเว็บไซต์ได้ แต่ต้องล็อกอินก่อน ::
  ล็อกอิน

รายการสื่อสารสนเทศ

ลำดับที่ ประเภท เลขเรียก/บาร์โค้ด สถานที่ สถานะ
1. นวนิยาย
นวนิยาย
นว. ต278ร ฉ.1 
  Barcode: 006353
ห้องสมุดวิทยาเขตนครสวรรค์
►นวนิยาย:l:Fiction
บนชั้น

รายการใกล้เคียง
    ผู้แต่ง [ติกาหลัง.]

BibComment


ยังไม่เคยถูกคอมเมนท์

คอมเมนท์ทรัพยากรรายการนี้
  คอมเมนท์: รักสุดท้ายของซุป..


 Copyright 2026. Bcnsprnw @Library